|
|
|
|
| LEADER |
00000nab a2200000 a 4500 |
| 001 |
vtls010479179 |
| 003 |
SK-MaSNL |
| 005 |
20260305033854.0 |
| 008 |
121214c20121128xo dr| 0 0slo |
| 038 |
|
|
|a RVGKPD
|
| 040 |
|
|
|a RVGKPD
|b slo
|c RVGKPD
|e AACR2
|
| 041 |
|
|
|a slo
|
| 044 |
|
|
|a xo
|c SK
|
| 080 |
|
|
|a 332.2
|2 1997
|
| 080 |
|
|
|a 711.438
|2 1997
|
| 100 |
1 |
|
|a Karasová, Erika,
|d 1973-
|4 aut
|9 89869
|
| 245 |
1 |
0 |
|a Pozemky v osade predávajú za centy
|b starosta: nízka suma má motivovať
|c Erika Karasová
|
| 300 |
|
|
|b Fotogr.
|
| 650 |
0 |
7 |
|a rómske osady
|2 rvgkpd
|9 70154
|
| 650 |
0 |
7 |
|a pozemky
|2 rvgkpd
|9 15852
|
| 650 |
0 |
7 |
|a vlastnícke vzťahy
|2 rvgkpd
|9 66623
|
| 651 |
|
7 |
|a Krásnohorské Podhradie (Slovensko)
|2 rvgkpd
|9 26876
|
| 651 |
|
7 |
|a Rožňava (Slovensko : okres)
|2 rvgkpd
|9 19215
|
| 773 |
0 |
|
|t Korzár : denník Košického kraja
|g Roč. XV, č. 274 (28.11.2012), s. 5
|x 1338-659X
|
| 852 |
|
|
|a RVGKPD
|b KIS3G
|
| 856 |
4 |
1 |
|u http://korzar.sme.sk/
|
| 958 |
|
|
|a RQ
|
| 992 |
|
|
|a RBX
|
| 999 |
|
|
|c 3326613
|d 3328543
|